|
|
|
|
| LEADER |
01218nam a2200277 a 4500 |
| 001 |
GR-Patra12398 |
| 008 |
000127s1999 gr g 000 0 gre d |
| 020 |
|
|
|a 9602114223
|
| 040 |
|
|
|a GrPaTEI
|b gre
|c GR-PaULI
|
| 040 |
|
|
|a GrPaTEI
|b gre
|c GR-PaULI
|
| 084 |
|
|
|a Μ
|
| 245 |
0 |
0 |
|a Οταν ο γάμος συναντά τον ψυχοθεραπευτή /
|c Φαίη Γουέλντον ; μετάφραση: Αγγελική Στουπάκη.
|
| 260 |
|
|
|a Αθήνα :
|b Εκδόσεις Νεφέλη,
|c 1999
|
| 300 |
|
|
|a 236σ.
|
| 490 |
1 |
|
|a Σελάνα-Γυναίκες συγγραφείς του κόσμου
|
| 500 |
|
|
|a Τίτλος πρωτοτύπου: Affliction
|
| 650 |
|
4 |
|a ΜΥΘΙΣΤΟΡΗΜΑ
|
| 650 |
|
4 |
|a ΞΕΝΗ ΛΟΓΟΤΕΧΝΙΑ
|
| 700 |
1 |
|
|a Weldon, Fay
|
| 700 |
1 |
|
|a Στουπάκη, Αγγελική
|
| 710 |
0 |
|
|a Νεφέλη
|
| 830 |
|
0 |
|1 00112399
|1 2001
|a Σελάνα-Γυναίκες συγγραφείς του κόσμου
|
| 942 |
|
|
|2 ddc
|
| 952 |
|
|
|0 0
|1 0
|2 ddc
|4 0
|6 Μ_WEL
|7 0
|9 291952
|a LISK
|b LISK
|c BSC
|d 2021-01-17
|e 24
|f 0
|g 0.00
|l 0
|o Μ WEL
|p 92410014282
|r 2021-01-17 00:00:00
|t 1
|w 2021-01-17
|y BK15
|x 20000127 0 1
|x GrPaTEI
|
| 971 |
|
|
|a .b26599132
|b 16-04-20
|c 23-09-16
|
| 999 |
|
|
|c 170587
|d 170587
|